All songs by PinkPantheress (August 2025 update!!) - Statistics

General Stats
  • This quiz has been taken 195 times
    114 since last reset
  • The average score is 27 of 42
Answer Stats
Answer Album % Correct
Stateside Fancy That
92%
Pain to hell with it
90%
Romeo Fancy That
90%
Boy's a liar Take me home
86%
Boy's a liar Pt. 2 (with Ice Spice) Heaven knows
86%
Illegal Fancy That
86%
Take me home Take me home
85%
Stars Fancy That
81%
Break it off to hell with it
78%
Girl Like Me Fancy That
78%
Tonight Fancy That
78%
Mosquito Heaven knows
75%
Noises Fancy That
75%
Nice to meet you (feat. Central Cee) Heaven knows
73%
Nineteen to hell with it
73%
Passion to hell with it
71%
Nice To Know You Fancy That
69%
True romance Heaven knows
69%
Blue Heaven knows
68%
Capable of love Heaven knows
66%
Ophelia Heaven knows
66%
Another life (feat. Rema) Heaven knows
64%
I must apologise to hell with it
64%
The aisle Heaven knows
63%
All my friends know to hell with it
59%
Attracted To You
59%
Internet baby (interlude) Heaven knows
59%
Just for me to hell with it
59%
Last valentines to hell with it
58%
Noticed I cried to hell with it
56%
Close to you
54%
Intermission Fancy That
54%
Reason to hell with it
54%
Do you miss me? Take me home
53%
Feel complete Heaven knows
53%
Feelings Heaven knows
53%
Bury me (feat. Kelela) Heaven knows
49%
Picture in my mind (with Sam Gellaitry)
47%
Turn it up
46%
Angel
41%
Turn Your Phone Off (with Destroy Lonely)
27%
Where you are (feat. WILLOW)
27%
No matching quizzes found
Score Distribution
Percent of People with Each Score
Percentile by Number Answered
Your Score History
You have not taken this quiz since the last reset